Matemática: programa de estudio quinto año básico

Guardado en:
Detalles Bibliográficos
Autor Corporativo: Ministerio de Educación (Autor)
Formato: Libro
Lenguaje:español
Publicado: Santiago Ministerio de Educación 2013
Edición:1a. ed
Materias:
Etiquetas: Agregar Etiqueta
Sin Etiquetas, Sea el primero en etiquetar este registro!

MARC

LEADER 00000cam a2200000 a 4500
001 UCE1842
003 CL-VaPUC
008 140519e20130000cl |||||||||||||||||spa|d
020 |a 9789562923743 
082 0 4 |a 372.7  |b MIN  |2 21 
110 2 |a Ministerio de Educación  |e author  |9 574244 
245 1 0 |a Matemática: programa de estudio quinto año básico 
250 |a 1a. ed 
300 |a 195 p 
942 |c BK 
945 |d 20140519 10:12:00  |a dcastane 
260 |a Santiago  |b Ministerio de Educación  |c 2013 
650 0 |a Matemáticas  |x Enseñanza  |9 875527 
650 0 |a Educación básica   |9 224933 
650 0 |a Métodos de enseñanza  |9 270413 
650 0 |a Reforma educacional   |9 256319 
583 |a last modification  |c 20140519 10:12:00  |k Rodrigo Vera 
999 |c 355526  |d 355524 
952 |0 0  |1 0  |3 erb  |4 0  |6 372_700000000000000_MIN_2013  |7 0  |8 R  |9 462285  |a BIBEDU  |b BIBEDU  |i 5077583  |o 372.7 MIN 2013  |p 5077583  |r 2019-11-23  |w 2019-11-23  |y BK_R  |z Catalogado en:20140519  |k EPE